000 002760000a22001090004500
100 1 _aRivera, Melvin
245 1 0 _a¿Espectador o discípulo?
300 _aVol.45, núm.195 (1990), Páginas 23-25
650 1 4 _aDISCIPULADO
773 0 _tLa Biblia en las Américas
942 _cANA
999 _c62879
_d62879